000 00885naa a22002777u 4500
001 07384
003 HDC
007 cr bn ---aaaaa
008 210128s2012 nyu eng
040 _aHDC
245 0 _aALTERNATIVE SWEETENERS /
_cedited by Lyn O'Brien Nabors
250 _aFourth edition
260 _aNew York :
_bM. Dekker,
_c2012
300 _a16 pages
336 _atext
_2rdacontent
337 _acomputer
_2rdamedia
338 _aonline resource
_2rdacarrier
500 _aOriginal from book
650 _aNonnutritive sweeteners
_97944
650 _aSweeteners
_97945
700 _aNabors, Lyn O'Brien,
_eeditor
_97939
856 _zRequest full-text at [email protected]
942 _2lcc
942 _cCHAP
942 _kEBCH 000541
999 _c4707
_d4707